PRÍSPEVOK KU KOMBINÁCII RESERPÍNU S DIHYDROOXYKODEINÓNOM

Bibliographic Details
Main Authors: Lukasiewicz, M. (Author), Špaldonová, R. (Author)
Format: Article
Language:Slovak

MARC

LEADER 00000nab a2200000uu 4500
001 vtls011158672
003 SK-MaSNL
005 20260304030103.0
008 250310|1959 xo |||||||||||||||||slo|
015 |a SNBRB 
035 |a (urnnbn)urn:nbn:sk:snk:ar-a0atmy 
035 |a (uuid)10cc28b7-4466-459b-97fe-cfe03ade5367 
035 |a urn:nbn:sk:snk-abb6g1 
040 |a SNKBUCL  |b slo  |c SNKBUCL  |e AACR2 
041 0 |a slo 
044 |a xo  |c SK 
100 1 |a Lukasiewicz, M.  |4 aut  |9 1141036 
245 1 0 |a PRÍSPEVOK KU KOMBINÁCII RESERPÍNU S DIHYDROOXYKODEINÓNOM  |c M. Lukasiewicz, R. Špaldonová 
700 1 |a Špaldonová, R.  |4 aut  |9 1141037 
773 0 |t Farmácia  |g Roč. 28, č. 9 (1959), s. 271-278 
958 |a OND 
958 |a EUIPO 
958 |a article14 
999 |c 2631609  |d 2633539